| 000 | 00485nam a2200169Ia 4500 | ||
|---|---|---|---|
| 008 | 180207s9999 xx 000 0 und d | ||
| 020 | _a9789715162258 | ||
| 050 | _bC414 2006 | ||
| 100 | _aCeres, Joy. | ||
| 245 | _aEggy egg / | ||
| 245 | _cJoy Ceres ; illustrated by Jomar S. Montinola ; colors by Llyoyd Guiller D. Ybera. | ||
| 260 | _aPhilippines : | ||
| 260 | _bMerryland Publishing Corporation. | ||
| 260 | _c2006 | ||
| 300 | _aunpaged : | ||
| 300 | _bcolor illustrations ; | ||
| 999 |
_c355881 _d355881 |
||